Where Did These 2022-2023 Players Play Before Joining Arsenal - Statistics

General Stats
  • This quiz has been taken 101 times
  • The average score is 22 of 35
Answer Stats
Player Nationality Position Year Joined Answer % Correct
Oleksandr Zinchenko Ukraine DF 2022 Manchester City
94%
Gabriel Jesus Brazil FW 2022 Manchester City
93%
Jorginho Italy MF 2023 Chelsea
91%
Leandro Trossard Belgium FW 2023 Brighton & Hove Albion
90%
Emile Smith Rowe England MF 2018 Arsenal(Academy)
89%
Martin Ødegaard Norway MF 2021 Real Madrid
89%
Bukayo Saka England MF 2018 Arsenal(Academy)
88%
Eddie Nketiah England FW 2017 Arsenal(Academy)
88%
Reiss Nelson England FW 2017 Arsenal(Academy)
88%
Kieran Tierney Scotland DF 2019 Celtic
85%
Benjamin White England DF 2021 Brighton & Hove Albion
84%
Aaron Ramsdale England GK 2021 Sheffield United
83%
Thomas Partey Ghana MF 2020 Atletico Madrid
82%
Folarin Balogun USA FW 2020 Arsenal(Academy)
79%
Fábio Vieira Portugal MF 2022 FC Porto
79%
Nicolas Pépé Ivory Coast FW 2019 Lille
79%
Ainsley Maitland-Niles England DF 2014 Arsenal(Academy)
77%
Granit Xhaka Switzerland MF 2016 Borussia Mönchengladbach
71%
Cédric Soares Portugal DF 2020 Southampton
66%
William Saliba France DF 2019 Saint-Étienne
63%
Arthur Okonkwo England GK 2021 Arsenal(Academy)
61%
Nuno Tavares Portugal DF 2021 Benfica
61%
Gabriel Magalhães Brazil DF 2020 Lille
61%
Takehiro Tomiyasu Japan DF 2021 Bologna
52%
Albert Sambi Lokonga Belgium MF 2021 Anderlecht
50%
Mohamed Elneny Egypt MF 2016 FC Basel
46%
Rob Holding England DF 2016 Bolton Wanderers
38%
Matt Turner USA GK 2022 New England Revolution
34%
Jakub Kiwior Poland DF 2023 Spezia
33%
Pablo Mari Spain DF 2020 Flamengo
24%
Gabriel Martinelli Brazil FW 2019 Ituano FC
22%
Marquinhos Brazil FW 2022 São Paulo
20%
Auston Trusty USA DF 2022 Colorado Rapids
11%
Rúnar Alex Rúnarsson Iceland GK 2020 Dijon
7%
Karl Hein Estonia GK 2019 Nõmme United
4%
No matching quizzes found
Score Distribution
Percent of People with Each Score
Percentile by Number Answered
Your Score History
You have not taken this quiz